000 00582nam a2200181 i 4500
001 59957
003 ES-MaACL
005 20260201063014.0
007 t|
008 031031s1913 fr ||||1| fre d
100 1 _aEsmein, Adhémar,
_d1848-1913
_9154477
245 1 0 _aCours elementaire d'histoire du droit français a l'usage des etudiants du 1º annee /
_cpar Ademor Esmein.
250 _a11eme ed.
260 _a[S.l. :
_bs.n.],
_c1913 (
_eBar-le-Duc :
_fContant Laguerre)
300 _aXII, 880 p. ;
_c22 cm.
852 _aES-MaACL
_jF-2446
999 _c59957
_d59957